00310nam a22000977a 4500082001500000100005900015245004100074260006700115300000800182650002200190 a491.43 BAR aBarker, Muhammad Abd-al-RahmanaHasan Jahangir Hamdani aA Course In Urdu: Ibtedai Urdu Vol-3 aCanadabInstitute of Islamic Studies, Mc Gill Universityc1967 a225 aUrdu- Course Book